000 00612nam a2200181Ia 4500
005 20250508162150.0
008 008 250505s9999 xx 000 0 eng d
037 _aDissertations
040 _aFEDL
_beng
_cFEDL
041 _aeng
_2eng
084 _a371.97, COM/DI
_qFEDL
245 0 _aComparative study of adjustment problems of scheduled caste and general category students of high and higher secondary schools of Gurgaon district
260 _c1979
300 _a82p.
546 _aM.Phil Dissertation, (Delhi University)
942 _cDIS
_h371.97, COM/DI
999 _c1374765
_d1374765